Youth and crime. (Record no. 100922)

MARC details
000 -LEADER
fixed length control field 00406nam a2200157Ia 4500
008 - FIXED-LENGTH DATA ELEMENTS--GENERAL INFORMATION
fixed length control field 210210b1996 xxu||||| |||| 00| 0 eng d
020 ## - INTERNATIONAL STANDARD BOOK NUMBER
International Standard Book Number 81 7033 334 2
082 ## - DEWEY DECIMAL CLASSIFICATION NUMBER
Classification number 362.7 AHUY
100 ## - MAIN ENTRY--PERSONAL NAME
Personal name AHUJA (Ram).
245 ## - TITLE STATEMENT
Title Youth and crime.
260 ## - PUBLICATION, DISTRIBUTION, ETC.
Place of publication, distribution, etc. Jaipur.
Name of publisher, distributor, etc. Rawat Publications.,
Date of publication, distribution, etc. 1996
300 ## - PHYSICAL DESCRIPTION
Extent 176
650 ## - SUBJECT ADDED ENTRY--TOPICAL TERM
Topical term or geographic name entry element Subculture, Police, Deviant Youth<br/><br/>
690 ## - LOCAL SUBJECT ADDED ENTRY--TOPICAL TERM (OCLC, RLIN)
Topical term or geographic name as entry element Social Welfare
906 ## - LOCAL DATA ELEMENT F, LDF (RLIN)
a 052453
Holdings
Withdrawn status Lost status Damaged status Not for loan Collection code Home library Current library Shelving location Date acquired Cost, normal purchase price Total Checkouts Full call number Barcode Date last seen Price effective from Koha item type
          St Aloysius Library St Aloysius Library   02/17/2021 300.00   362.7 AHUY 052453 02/17/2021 02/17/2021 Book